000
00296nam a22001337a 4500
020
_a
9789350144350
082
_a
621.31042 SIN
100
_a
Tarlok Singh
245
_a
Electrical machines-1
250
_a
2nd ed.
260
_a
New Delhi
_b
Kataria & Sons
_c
2014
300
_a
365p
942
_c
BK
999
_c
490605
_d
490605